书目信息 |
| 题名: |
景观设计基础
|
|
| 作者: | 李宇宏 编著 | |
| 分册: | ||
| 出版信息: | 北京 高等教育出版社 2024.12 |
|
| 页数: | 241页 | |
| 开本: | 26cm | |
| 丛书名: | ||
| 单 册: | ||
| 中图分类: | TU983 | |
| 科图分类: | ||
| 主题词: | 景观设计--jing guan she ji | |
| 电子资源: | ||
| ISBN: | 978-7-04-063076-3 | |
| 000 | 01174nam0 2200253 450 | |
| 001 | 89760 | |
| 005 | 20250814201113.14 | |
| 010 | @a978-7-04-063076-3@dCNY52.00 | |
| 099 | @aCAL 012025016725 | |
| 100 | @a20250318d2024 em y0chiy50 ea | |
| 101 | 0 | @achi |
| 102 | @aCN@b110000 | |
| 105 | @aak z 000yy | |
| 106 | @ar | |
| 200 | 1 | @a景观设计基础@Ajing guan she ji ji chu@d= Fundamentals of landscape design@f李宇宏编著@zeng |
| 210 | @a北京@c高等教育出版社@d2024.12 | |
| 215 | @a241页@c彩图@d26cm | |
| 330 | @a本书以我们必须面对的城市环境问题为重点, 强调设计需要遵从自然的法则, 内容上侧重于城市文化和城市生态景观的设计。本书的主体结构分为七章, 涉及景观设计的概念、景观发展过程和具体的研究设计方法, 内容涵括城市自然山水环境、城市人工绿化和城市文化环境, 即在特定的人工构筑环境下, 把握自然和人文环境特征, 协调和维护人与自然生态环境的和谐稳定, 改善人们生活的环境品质。同时强调发现问题、思考问题和解决问题的方法以及设计师所需要承担的社会职责。 | |
| 510 | 1 | @aFundamentals of landscape design@zeng |
| 606 | 0 | @a景观设计@Ajing guan she ji |
| 690 | @aTU983@v5 | |
| 701 | 0 | @a李宇宏@Ali yu hong@4编著 |
| 801 | 0 | @aCN@c20250909 |
| 905 | @a河南城建学院图书馆@dTU983@eL320@f1 | |
| 景观设计基础= Fundamentals of landscape design/李宇宏编著.-北京:高等教育出版社,2024.12 |
| 241页:彩图;26cm |
| ISBN 978-7-04-063076-3:CNY52.00 |
| 本书以我们必须面对的城市环境问题为重点, 强调设计需要遵从自然的法则, 内容上侧重于城市文化和城市生态景观的设计。本书的主体结构分为七章, 涉及景观设计的概念、景观发展过程和具体的研究设计方法, 内容涵括城市自然山水环境、城市人工绿化和城市文化环境, 即在特定的人工构筑环境下, 把握自然和人文环境特征, 协调和维护人与自然生态环境的和谐稳定, 改善人们生活的环境品质。同时强调发现问题、思考问题和解决问题的方法以及设计师所需要承担的社会职责。 |
| ● |
| 相关链接 |
|
|
|
正题名:景观设计基础
索取号:TU983/L320
 
预约/预借
| 序号 | 登录号 | 条形码 | 馆藏地/架位号 | 状态 | 备注 |
| 1 | 1623722 | 216237221 | 建筑库201/201建筑库 59排5列5层/ [索取号:TU983/L320] | 在馆 |